| 000 | 01674nam a2200253 a 4500 | ||
|---|---|---|---|
| 001 | ASIN1408139545 | ||
| 003 | OSt | ||
| 005 | 20180116192415.0 | ||
| 008 | 130220s2012 xxu eng d | ||
| 020 |
_a1408139545 (paperback) _c$44.95 |
||
| 020 | _a9781408139547 (paperback) | ||
| 040 | _cdel | ||
| 082 | _a748.2028 | ||
| 100 | 1 |
_aCutler, Vanessa. _96449 |
|
| 245 | 1 | 0 |
_aNew technologies in glass / _cVanessa Cutler. |
| 250 | _a1st ed. | ||
| 260 |
_aLondon : _bA&C Black, _c2012. |
||
| 300 |
_a128 p. ; _c28 cm. |
||
| 520 | _aThe world of the glass artist is changing. Emerging technology for the cutting, engraving, and printing of glass is opening doors for those who want to work more quickly, more accurately, at larger scales and in multiples, and is stretching the boundaries of innovation. Profiling the latest technology, Vanessa Cutler gives an artist's perspective on new techniques, machinery and software in glass. Using straightforward language, she introduces the digital tools that are becoming an essential part of an artist's toolkit, and describes the application of new technologies, from cutting and engraving machinery to rapid prototyping. These practical essentials are illuminated by the work of contemporary glass artists, who are using these technologies to remarkable effect. New Technologies in Glass is a vital text for any glass artist wishing to expand their toolkit and challenge the possibilities of the medium. | ||
| 650 |
_aGlass craft _96450 |
||
| 856 | 4 | 0 |
_3Amazon.com _uhttp://www.amazon.com/exec/obidos/ASIN/1408139545/chopaconline-20 |
| 942 |
_2ddc _cBK |
||
| 999 |
_c353675 _d353675 |
||